Statistics for Highest Peaks by Country

Click here to take the quiz!

General Stats

  • This quiz has been taken 447 times
  • The average score is 9 of 15

Answer Stats

MountainCountry% Correct
Mount EverestNepal/China
99%
Mount FujiJapan
98%
Mount McKinleyUSA
97%
Mont BlancFrance/Italy
97%
Ben NevisUnited Kingdom
89%
Mount LoganCanada
88%
AconcaguaArgentina
87%
Gora El'brusRussia
87%
Mount KosciuszkoAustralia
75%
RysyPoland
30%
Jabal an Nabi Shu'aybYemen
23%
Khazret SultanUzbekistan
14%
Volcan BaruPanama
12%
Volcan KarisimbiRwanda
10%
Mount Saint CatherineGrenada
6%

Score Distribution

Percentile by Number Answered

Percent of People with Each Score

Your Score History

You have not taken this quiz